[Event "Bangalore op-B 1st"]
[Site "Bangalore"]
[Date "2024.01.18"]
[Round "2"]
[White "Gagan, Kumar Sahu"]
[Black "Nayak, Biswajit"]
[Result "0-1"]
[WhiteElo "1412"]
[BlackElo "1990"]
[PlyCount "102"]
[EventDate "2024.01.18"]
[EventType "swiss"]
[EventRounds "10"]
[EventCountry "IND"]
[SourceTitle "EXT 2025"]
[Source "ChessBase"]
[SourceDate "2024.10.14"]
[SourceVersion "1"]
[SourceVersionDate "2024.10.14"]
[SourceQuality "1"]

1. e4 e6 2. d4 d5 3. e5 c5 4. c3 Qb6 5. Nf3 Bd7 6. Be2 Bb5 7. Bxb5+ Qxb5 8. a3 Nc6 9. b4 cxd4 10. cxd4 Nh6 11. Bb2 Be7 12. Nc3 Qc4 13. Rc1 0-0 14. Na4 Qa6 15. Nc5 Bxc5 16. Rxc5 Qb6 17. 0-0 f6 18. Qd3 Qd8 19. Re1 fxe5 20. dxe5 Nf5 21. Bc1 h6 22. Bd2 Rc8 23. a4 Qe7 24. Rec1 Nh4 25. Nxh4 Qxh4 26. Qg3 Qh5 27. h3 Nd4 28. Qe3 Ne2+ 29. Kh2 Nxc1 30. Bxc1 Rxc5 31. bxc5 Qd1 32. Ba3 Rf7 33. a5 Qa4 34. Bc1 Qc2 35. Bd2 Qe4 36. Qxe4 dxe4 37. Kg3 Rf5 38. Bc3 a6 39. f4 g5 40. fxg5 hxg5 41. Bd4 Kf7 42. h4 Kg6 43. hxg5 Kxg5 44. Be3+ Kg6 45. Kg4 Rxe5 46. Kf4 Rg5 47. g3 Kf6 48. g4 e5+ 49. Kxe4 Rxg4+ 50. Kd5 Ra4 51. Bc1 Rd4# 0-1